Behind the scene: an analysis of india's military operations 1947-1971 (Record no. 121692)

MARC details
000 -LEADER
fixed length control field 00414nam a2200145Ia 4500
008 - FIXED-LENGTH DATA ELEMENTS--GENERAL INFORMATION
fixed length control field 230917s9999||||xx |||||||||||||| ||und||
040 ## - CATALOGING SOURCE
-- 104746
Original cataloging agency VIVEKANANDA LIBRARY
041 ## - Language
-- English
082 ## - DDC NUMBER
Classification number 355.40954 J595B
100 ## - MAIN ENTRY--PERSONAL NAME
Personal name Singh, Joginder
245 #0 - TITLE STATEMENT
Title Behind the scene: an analysis of india's military operations 1947-1971
260 ## - PUBLICATION, DISTRIBUTION, ETC. (IMPRINT)
Place of publication, distribution, etc New Delhi
Name of publisher, distributor, etc Lancer International
Date of publication, distribution, etc 1993
300 ## - PHYSICAL DESCRIPTION
Pages xv,273p p.
942 ## - ADDED ENTRY ELEMENTS (KOHA)
Koha item type Books
Holdings
Withdrawn status Lost status Damaged status Not for loan Location (home branch) Sublocation or collection (holding branch) Date acquired Koha issues (times borrowed) Koha full call number Accession No. Koha date last seen Koha item type
        VIVEKANANDA LIBRARY VIVEKANANDA LIBRARY 18/11/2004   355.40954 J595B 215334 17/09/2023 Books
© Designed and Maintained by Vivekananda Library, MDU Rohtak